000 01336nmc a2200469 a 4500
003 AR-BaBNM
005 20251128203923.0
008 011101s1990 ||||||||||||||000 | spa||
020 _a950-755-009-7
040 _cAR-BaBNM
100 1 _aBianchi, Ariel Edgardo
245 1 0 _aDel aprendizaje a la creatividad
_baprender, resolver, decidir, crear
260 _aBuenos Aires
_bBraga
_c1990
300 0 _a281 p.
_bil., tablas
490 0 _aDidáctica operativa
_vv. 17
504 _aBibliografía en p. 274-281
600 1 4 _aThorndike, Edward L.
600 1 4 _aPavlov, Ivan Petrovich
600 1 4 _aHull, Clark, L.
600 1 4 _aSkinner, Burrhus Frederic
600 1 4 _aGagné, Robert Mills
600 1 4 _aKoffka, Kurt
600 1 4 _aTolman, Edward Chace
600 1 4 _aDewey, John
600 1 4 _aMc. Connell, T.R.
600 1 4 _aPiaget, Jean
600 1 4 _aAebli, Hans
600 1 4 _aBruner, Jerome S.
600 1 4 _aAusubel, David P.
600 1 4 _aBruera, Ricardo
650 4 _aCREATIVIDAD
650 4 _aAPRENDIZAJE
650 4 _aSOLUCION DE PROBLEMAS
650 4 _aTOMA DE DECISIONES
650 4 _aTEORIAS DEL APRENDIZAJE
650 4 _aPENSAMIENTO CREADOR
650 4 _aPROCESO DE APRENDIZAJE
650 4 _aINTELIGENCIA
800 1 _aPérez Alvarez, Sergio
_edirector
942 _cBK
998 _cMarce
999 _c5472
_d5472